Get the Picture: The Walking Dead Quiz Stats

 Plays Quiz not verified by Sporcle

Score 0/16 Timer 03:00
31 Plays Today
Question Answer Wrong Answers
The brother of this character appeared in the show before him Daryl Dixon
84.6%
Rick Grimes
2%
Glenn Rhee
1.1%
Morgan Jones
1.4%
This character was killed by Lucille (Negan's baseball bat) Glenn Rhee
81.8%
Rick Grimes
4.5%
Daryl Dixon
2%
Morgan Jones
2%
This character shot down his friend and colleague Shane Walsh Rick Grimes
81.6%
Daryl Dixon
5%
Glenn Rhee
0.8%
Morgan Jones
2.2%
He is the only characters among these who does NOT have a son Daryl Dixon
80.7%
Rick Grimes
1.7%
Glenn Rhee
5.6%
Morgan Jones
0.8%
This character and Michonne raised Judith as their own daughter Rick Grimes
80.7%
Daryl Dixon
5.3%
Glenn Rhee
2%
Morgan Jones
1.4%
Before the Apocalypse, he used to be a Pizza Delivery Boy Glenn Rhee
79.1%
Rick Grimes
3.6%
Daryl Dixon
5%
Morgan Jones
0.3%
This character became Alexandia's leader after Deanna Monroe Rick Grimes
79.1%
Daryl Dixon
3.9%
Glenn Rhee
2%
Morgan Jones
4.7%
This character learned Aikido and masters the fight Morgan Jones
76.5%
Rick Grimes
2.5%
Daryl Dixon
4.2%
Glenn Rhee
6.4%
This character became a regular in 'Fear The Walking Dead' Morgan Jones
76.5%
Rick Grimes
3.6%
Daryl Dixon
4.2%
Glenn Rhee
3.6%
That of this character is the first known post-apocalypse marriage Glenn Rhee
75.7%
Rick Grimes
8.4%
Daryl Dixon
3.9%
Morgan Jones
2.2%
Negan's 'Eeny, meeny, miny, moe…' did NOT involve this character Morgan Jones
74%
Rick Grimes
5.3%
Daryl Dixon
6.1%
Glenn Rhee
3.6%
Since season 9, this character has a Dog whose name is 'Dog' Daryl Dixon
73.7%
Rick Grimes
3.9%
Glenn Rhee
2.2%
Morgan Jones
8.7%
This character received by Eastman the book 'The Art of Peace' Morgan Jones
69.3%
Rick Grimes
8.9%
Daryl Dixon
7.5%
Glenn Rhee
3.4%
In Season 6, the showrunners simulated the death of this character Glenn Rhee
68.4%
Rick Grimes
10.9%
Daryl Dixon
7.5%
Morgan Jones
2.8%
This character was not created after a comic book counterpart Daryl Dixon
60.6%
Rick Grimes
4.7%
Glenn Rhee
5.9%
Morgan Jones
17.6%
AMC announced a trilogy of spin-off movies with this character Rick Grimes
59.5%
Daryl Dixon
16.2%
Glenn Rhee
3.1%
Morgan Jones
10.9%

You're not logged in!

Compare scores with friends on all Sporcle quizzes.
OR
Log In

Show Comments

Extras

Top Quizzes Today


Score Distribution

Your Account Isn't Verified!

In order to create a playlist on Sporcle, you need to verify the email address you used during registration. Go to your Sporcle Settings to finish the process.

Report this User

Report this user for behavior that violates our Community Guidelines.

Details: